| 000 | 00712cam a22002414a 4500 | ||
|---|---|---|---|
| 003 | UPN | ||
| 005 | 20241129063744.0 | ||
| 008 | 090212s1998 mx r 000 0 spa d | ||
| 020 | _a9688566292 | ||
| 035 | _aUPN01000169202 | ||
| 040 |
_aUPN _bspa _cUPN |
||
| 049 | _aCG | ||
| 050 | 4 |
_aLA428.7 _bA6.6 |
|
| 100 | 1 |
_aAnaya, Héctor, _d1941- _943466 |
|
| 245 | 1 | 4 |
_aLos parricidas del 68 : _bla protesta juvenil / _cHéctor Anaya. |
| 260 |
_aMéxico : _bPlaza y Valdés, _c1998. |
||
| 300 | _a494 p. | ||
| 650 | 2 |
_aMovimientos estudiantiles _zMéxico _916912 |
|
| 650 | 4 |
_aJOVENES - _xACTIVIDAD POLITICA - _zMEXICO _921107 |
|
| 650 | 4 |
_aMasacre de Tlatelolco, 1968 _922454 |
|
| 905 | _aLibro | ||
| 942 |
_2lcc _cLIBRO |
||
| 999 |
_c141308 _d141308 |
||